[Event "Omsk Summer op"]
[Site "Omsk"]
[Date "2013.06.11"]
[Round "4"]
[White "Tastanov, Azamat"]
[Black "Nevorotov, Boris"]
[Result "1-0"]
[WhiteElo "1666"]
[BlackElo "1972"]
[PlyCount "74"]
[EventDate "2013.06.08"]
[EventType "swiss"]
[EventRounds "9"]
[EventCountry "RUS"]
[SourceTitle "EXT 2014"]
[Source "ChessBase"]
[SourceDate "2013.11.20"]
[SourceVersion "1"]
[SourceVersionDate "2013.11.20"]
[SourceQuality "1"]

1. d4 Nf6 2. c4 g6 3. Nc3 Bg7 4. e4 d6 5. Nf3 0-0 6. Be2 b6 7. Be3 e5 8. d5 Na6 9. 0-0 Nd7 10. h3 f5 11. Ng5 f4 12. Ne6 Qe7 13. Nxf8 fxe3 14. fxe3 Bxf8 15. a3 Nac5 16. b4 Nb7 17. Bg4 Nf6 18. Be6+ Bxe6 19. dxe6 Qxe6 20. Nd5 Nxd5 21. cxd5 Qd7 22. Rc1 Bh6 23. Qf3 Rf8 24. Qg3 Rxf1+ 25. Rxf1 a5 26. Qf3 axb4 27. axb4 Nd8 28. Kh1 Nf7 29. Qf2 Ng5 30. Qh4 Kg7 31. Qf2 Kg8 32. Qh4 Kg7 33. Rc1 Nf7 34. Qf2 Ng5 35. Qc2 Nf7 36. Qxc7 Qxc7 37. Rxc7 Bxe3 1-0

[Event "Omsk-ch"]
[Site "Omsk"]
[Date "2013.02.14"]
[Round "6"]
[White "Nevorotov, Boris"]
[Black "Manchenko, Vladimir"]
[Result "1-0"]
[WhiteElo "1925"]
[BlackElo "2043"]
[PlyCount "57"]
[EventDate "2013.02.09"]
[EventType "swiss"]
[EventRounds "9"]
[EventCountry "RUS"]
[SourceTitle "CBM 153 Extra"]
[Source "ChessBase"]
[SourceDate "2013.04.22"]
[SourceVersion "1"]
[SourceVersionDate "2013.04.22"]
[SourceQuality "1"]

1. e4 d6 2. d4 g6 3. Bd3 Bg7 4. Ne2 c5 5. Be3 Nc6 6. c3 cxd4 7. cxd4 Nf6 8. f3 b6 9. 0-0 0-0 10. Nd2 Nb4 11. Bb1 a5 12. d5 Nd7 13. a3 Na6 14. Nd4 Nac5 15. Nc4 Bb7 16. Nc6 Bxc6 17. dxc6 Ne5 18. Nxe5 Bxe5 19. Bd4 Bxd4+ 20. Qxd4 Qc7 21. Ba2 Qxc6 22. Bd5 Qc7 23. Bxa8 Rxa8 24. b4 axb4 25. axb4 Na4 26. b5 Qc5 27. Qxc5 dxc5 28. Rfc1 c4 29. Rxc4 1-0

[Event "Omsk-ch"]
[Site "Omsk"]
[Date "2013.02.13"]
[Round "5"]
[White "Nevorotov, Boris"]
[Black "Strizhachenko, Yuri"]
[Result "1/2-1/2"]
[WhiteElo "1925"]
[BlackElo "2143"]
[PlyCount "58"]
[EventDate "2013.02.09"]
[EventType "swiss"]
[EventRounds "9"]
[EventCountry "RUS"]
[SourceTitle "CBM 153 Extra"]
[Source "ChessBase"]
[SourceDate "2013.04.22"]
[SourceVersion "1"]
[SourceVersionDate "2013.04.22"]
[SourceQuality "1"]

1. c4 e5 2. Nc3 d6 3. g3 g6 4. Bg2 Bg7 5. e3 c5 6. Nge2 Nc6 7. a3 Nge7 8. 0-0 0-0 9. b3 Be6 10. Bb2 d5 11. cxd5 Nxd5 12. Na4 b6 13. d4 cxd4 14. exd4 Rc8 15. Rc1 Nxd4 16. Rxc8 Nxe2+ 17. Qxe2 Qxc8 18. Bxe5 Re8 19. Bxg7 Kxg7 20. Qb2+ Kg8 21. Rc1 Qa6 22. Rd1 Bg4 23. Rc1 Qd3 24. h3 Bf3 25. Bf1 Qf5 26. Qd2 Be4 27. Nc3 Nf6 28. Bg2 Bxg2 29. Kxg2 h5 1/2-1/2

[Event "Omsk-ch"]
[Site "Omsk"]
[Date "2013.02.11"]
[Round "3"]
[White "Nevorotov, Boris"]
[Black "Barakin, Gennady"]
[Result "1-0"]
[WhiteElo "1925"]
[BlackElo "2017"]
[PlyCount "48"]
[EventDate "2013.02.09"]
[EventType "swiss"]
[EventRounds "9"]
[EventCountry "RUS"]
[SourceTitle "CBM 153 Extra"]
[Source "ChessBase"]
[SourceDate "2013.04.22"]
[SourceVersion "1"]
[SourceVersionDate "2013.04.22"]
[SourceQuality "1"]

1. c4 e5 2. Nc3 d6 3. g3 g6 4. Bg2 Bg7 5. e3 Nc6 6. Nge2 Nge7 7. 0-0 0-0 8. d4 exd4 9. exd4 Nf5 10. Nb5 a6 11. d5 Nb8 12. Nbd4 Nd7 13. Nxf5 gxf5 14. Nd4 Ne5 15. Qc2 Qf6 16. Rd1 Ng6 17. h4 Ne5 18. Bg5 Qg6 19. Rac1 b6 20. Bh3 Ng4 21. Nc6 Bf6 22. Ne7+ Bxe7 23. Bxe7 Re8 24. Bg5 Bd7 1-0

[Event "Omsk-ch"]
[Site "Omsk"]
[Date "2013.02.09"]
[Round "1"]
[White "Nevorotov, Boris"]
[Black "Kirpichev, Sergey"]
[Result "1-0"]
[WhiteElo "1925"]
[BlackElo "2205"]
[PlyCount "113"]
[EventDate "2013.02.09"]
[EventType "swiss"]
[EventRounds "9"]
[EventCountry "RUS"]
[SourceTitle "CBM 153 Extra"]
[Source "ChessBase"]
[SourceDate "2013.04.22"]
[SourceVersion "1"]
[SourceVersionDate "2013.04.22"]
[SourceQuality "1"]

1. c4 Nf6 2. Nc3 e5 3. g3 d5 4. cxd5 Nxd5 5. Bg2 Nb6 6. Nf3 Nc6 7. 0-0 Be7 8. d4 exd4 9. Nb5 Bf6 10. Bf4 Nd5 11. Qd2 a6 12. Na3 0-0 13. Rfd1 Bg4 14. e4 Nxf4 15. gxf4 Qd7 16. Kh1 Rad8 17. Rg1 d3 18. e5 Be7 19. Nc4 Bb4 20. Qe3 Ne7 21. a3 Nf5 22. Qa7 Qb5 23. axb4 Qxc4 24. Qxb7 Qxf4 25. h3 Bh5 26. Rxa6 d2 27. Rd1 Nh4 28. Ra3 Rfe8 29. Re3 Nxg2 30. Kxg2 Re6 31. Qxc7 Rde8 32. Qc3 g5 33. Rxd2 g4 34. Ng1 gxh3+ 35. Nxh3 Rg6+ 36. Rg3 Qe4+ 37. f3 Rxg3+ 38. Kxg3 Qe1+ 39. Kg2 Bg6 40. b5 h5 41. b6 Bf5 42. Nf2 Kh7 43. Kg3 Qg1+ 44. Kf4 Bc8 45. Ne4 Rg8 46. Nf6+ Kh6 47. Nxg8+ Qxg8 48. Rd6+ Be6 49. b7 Qg5+ 50. Ke4 Qg8 51. Qc8 Qg6+ 52. Kd4 Qg1+ 53. Kc3 Qc1+ 54. Kd3 Qd1+ 55. Ke4 Qe2+ 56. Kd4 Qxb2+ 57. Qc3 1-0

[Event "Omsk-ch"]
[Site "Omsk"]
[Date "2012.03.18"]
[Round "3"]
[White "Pozdniakov, Vladimir"]
[Black "Nevorotov, Boris"]
[Result "1-0"]
[WhiteElo "2127"]
[BlackElo "1949"]
[PlyCount "38"]
[EventDate "2012.03.15"]
[EventType "swiss"]
[EventRounds "9"]
[EventCountry "RUS"]
[SourceTitle "EXT 2013"]
[Source "ChessBase"]
[SourceDate "2012.11.22"]
[SourceVersion "1"]
[SourceVersionDate "2012.11.22"]
[SourceQuality "1"]

1. d4 Nf6 2. c4 d6 3. Nc3 Nbd7 4. e4 e5 5. Nge2 Be7 6. g3 0-0 7. Bg2 c6 8. 0-0 a5 9. h3 Nb6 10. b3 a4 11. Be3 Nfd7 12. Qc2 Re8 13. Rad1 Qc7 14. f4 axb3 15. axb3 Ra6 16. Kh1 Nf8 17. fxe5 dxe5 18. d5 Nbd7 19. Rd2 Bb4 1-0

[Event "Omsk CC-ch final"]
[Site "Omsk"]
[Date "2011.09.04"]
[Round "8"]
[White "Bogachkova, Alena"]
[Black "Nevorotov, Boris"]
[Result "1-0"]
[WhiteElo "2009"]
[BlackElo "1953"]
[PlyCount "45"]
[EventDate "2011.08.20"]
[EventType "swiss"]
[EventRounds "11"]
[EventCountry "RUS"]
[SourceTitle "EXT 2023"]
[Source "ChessBase"]
[SourceDate "2022.10.05"]
[SourceVersion "1"]
[SourceVersionDate "2022.10.05"]
[SourceQuality "1"]

1. e4 Nf6 2. e5 Nd5 3. d4 d6 4. c4 Nb6 5. f4 g6 6. Be3 Bg7 7. Nc3 0-0 8. Nf3 N6d7 9. Ng5 h6 10. Nge4 Re8 11. h4 c5 12. e6 fxe6 13. dxc5 Nxc5 14. Nxc5 dxc5 15. Qc2 Nc6 16. Qxg6 Rf8 17. Bd3 Rf6 18. Qh7+ Kf8 19. 0-0-0 Qa5 20. Rh3 Nb4 21. Rg3 Nxd3+ 22. Rxd3 Rf7 23. f5 1-0

[Event "Omsk CC-ch final"]
[Site "Omsk"]
[Date "2011.08.27"]
[Round "4"]
[White "Nevorotov, Boris"]
[Black "Miroshnichenko, Yuri"]
[Result "1-0"]
[WhiteElo "1953"]
[BlackElo "1911"]
[PlyCount "41"]
[EventDate "2011.08.20"]
[EventType "swiss"]
[EventRounds "11"]
[EventCountry "RUS"]
[SourceTitle "EXT 2023"]
[Source "ChessBase"]
[SourceDate "2022.10.05"]
[SourceVersion "1"]
[SourceVersionDate "2022.10.05"]
[SourceQuality "1"]

1. e4 e6 2. d4 d5 3. Nd2 Nf6 4. e5 Nfd7 5. f4 b6 6. Ngf3 Ba6 7. Bxa6 Nxa6 8. 0-0 c5 9. Kh1 cxd4 10. f5 Bc5 11. Nb3 exf5 12. Bg5 Qc7 13. Nfxd4 0-0 14. e6 f6 15. exd7 fxg5 16. Ne6 Qxd7 17. Nxf8 Rxf8 18. Qe2 Nc7 19. Qd3 f4 20. Rad1 Be3 21. c3 1-0

[Event "Omsk-ch"]
[Site "Omsk"]
[Date "2010.02.27"]
[Round "5"]
[White "Nevorotov, Boris"]
[Black "Krivoshapko, Alexander"]
[Result "1/2-1/2"]
[WhiteElo "1993"]
[BlackElo "2056"]
[PlyCount "32"]
[EventDate "2010.02.20"]
[EventType "swiss"]
[EventRounds "11"]
[EventCountry "RUS"]
[SourceTitle "CBM 135 Extra"]
[Source "ChessBase"]
[SourceDate "2010.05.04"]
[SourceVersion "1"]
[SourceVersionDate "2010.05.04"]
[SourceQuality "1"]

1. d4 b5 2. a4 b4 3. c4 bxc3 4. bxc3 e6 5. e4 Nf6 6. Nd2 Be7 7. Ngf3 0-0 8. Bd3 Ba6 9. Qe2 Bxd3 10. Qxd3 d5 11. 0-0 c5 12. Ba3 cxd4 13. Bxe7 Qxe7 14. cxd4 dxe4 15. Nxe4 Nbd7 16. Rfb1 Rab8 1/2-1/2

[Event "Omsk-ch"]
[Site "Omsk"]
[Date "2010.02.20"]
[Round "1"]
[White "Artemiev, Vladislav"]
[Black "Nevorotov, Boris"]
[Result "1-0"]
[WhiteElo "2229"]
[BlackElo "1993"]
[PlyCount "75"]
[EventDate "2010.02.20"]
[EventType "swiss"]
[EventRounds "11"]
[EventCountry "RUS"]
[SourceTitle "CBM 135 Extra"]
[Source "ChessBase"]
[SourceDate "2010.05.04"]
[SourceVersion "1"]
[SourceVersionDate "2010.05.04"]
[SourceQuality "1"]

1. e4 d6 2. Nc3 Nf6 3. d4 g6 4. f4 Bg7 5. Nf3 0-0 6. Bd3 Nbd7 7. 0-0 c5 8. d5 e6 9. dxe6 fxe6 10. f5 exf5 11. exf5 gxf5 12. Bxf5 Ne5 13. Bxc8 Rxc8 14. Nxe5 dxe5 15. Qe2 Qd4+ 16. Be3 Qh4 17. Bf2 Qg4 18. Qxe5 Rfe8 19. Qd6 b6 20. Rae1 Qb4 21. Nd5 Nxd5 22. Qxd5+ Kh8 23. b3 Rxe1 24. Rxe1 Qf4 25. Qe4 Qf6 26. Qe6 Rf8 27. Qxf6 Bxf6 28. Rd1 Kg7 29. Rd7+ Rf7 30. Rxf7+ Kxf7 31. Kf1 Ke6 32. Ke2 a6 33. c4 Be7 34. Ke3 Kf5 35. Kf3 h5 36. Bg3 b5 37. Bf4 Bf6 38. g3 1-0

[Event "Omsk-ch op"]
[Site "Omsk"]
[Date "2009.02.25"]
[Round "10"]
[White "Nevorotov, Boris"]
[Black "Boichuk, Alexei"]
[Result "0-1"]
[WhiteElo "1996"]
[BlackElo "2142"]
[PlyCount "68"]
[EventDate "2009.02.12"]
[EventType "swiss"]
[EventRounds "11"]
[EventCountry "RUS"]
[SourceTitle "CBM 129 Extra"]
[Source "ChessBase"]
[SourceDate "2009.05.05"]
[SourceVersion "2"]
[SourceVersionDate "2009.05.20"]
[SourceQuality "1"]

1. e4 e5 2. Nf3 Nc6 3. Bb5 a6 4. Ba4 Nf6 5. d3 d6 6. c3 b5 7. Bc2 Be7 8. 0-0 0-0 9. Re1 Bg4 10. h3 Bh5 11. Nbd2 Qd7 12. Nf1 h6 13. Ng3 Bg6 14. d4 Rfe8 15. Nh4 Bh7 16. Nhf5 Bf8 17. Qf3 exd4 18. cxd4 Kh8 19. Be3 Ng8 20. e5 Rad8 21. Be4 d5 22. Bc2 g6 23. Rac1 gxf5 24. Nxf5 Nce7 25. g4 Nxf5 26. gxf5 Ne7 27. f6 Nf5 28. Kh2 c5 29. dxc5 Rxe5 30. c6 Qe6 31. c7 Rc8 32. Bb3 Nxe3 33. fxe3 Be4 34. Qf4 Rg5 0-1

[Event "Omsk-ch op"]
[Site "Omsk"]
[Date "2009.02.21"]
[Round "7"]
[White "Dobrovolsky, Gennady"]
[Black "Nevorotov, Boris"]
[Result "0-1"]
[WhiteElo "2073"]
[BlackElo "1996"]
[PlyCount "74"]
[EventDate "2009.02.12"]
[EventType "swiss"]
[EventRounds "11"]
[EventCountry "RUS"]
[SourceTitle "CBM 129 Extra"]
[Source "ChessBase"]
[SourceDate "2009.05.05"]
[SourceVersion "2"]
[SourceVersionDate "2009.05.20"]
[SourceQuality "1"]

1. e4 c5 2. c3 d6 3. d4 cxd4 4. cxd4 a6 5. a4 b6 6. Nf3 Nf6 7. Nc3 e6 8. Bd3 Nc6 9. 0-0 e5 10. d5 Nb8 11. h3 Be7 12. b4 0-0 13. a5 Nbd7 14. Be3 Bb7 15. Na4 bxa5 16. bxa5 Bxd5 17. exd5 e4 18. Nd4 exd3 19. Nc6 Qe8 20. Qxd3 Ne5 21. Nxe5 dxe5 22. Nb6 Rd8 23. Qc4 Bd6 24. Rfd1 e4 25. g3 Nh5 26. Qe2 g6 27. Nc4 Bb8 28. Bh6 Qd7 29. Kg2 Rfe8 30. Rd4 Qf5 31. Ne3 Qe5 32. Rad1 Nxg3 33. Qg4 Ne2 34. Nc4 Qh2+ 35. Kf1 Nxd4 36. Rxd4 Ba7 37. Nb6 Qe5 0-1

[Event "Omsk-ch op"]
[Site "Omsk"]
[Date "2009.02.14"]
[Round "2"]
[White "Nevorotov, Boris"]
[Black "Savostjanov, Igor"]
[Result "1-0"]
[WhiteElo "1996"]
[BlackElo "2120"]
[PlyCount "43"]
[EventDate "2009.02.12"]
[EventType "swiss"]
[EventRounds "11"]
[EventCountry "RUS"]
[SourceTitle "CBM 129 Extra"]
[Source "ChessBase"]
[SourceDate "2009.05.05"]
[SourceVersion "2"]
[SourceVersionDate "2009.05.20"]
[SourceQuality "1"]

1. e4 d5 2. Nc3 d4 3. Nb5 c5 4. a4 Nc6 5. Bc4 a6 6. Na3 e6 7. Nf3 Bd6 8. d3 Bd7 9. Bd2 Qc7 10. 0-0 Nf6 11. Bb3 Ng4 12. h3 h5 13. Nc4 Bh2+ 14. Kh1 Bf4 15. Bxf4 Qxf4 16. Qd2 Qc7 17. Qg5 g6 18. Qxc5 0-0-0 19. Qd6 Nh6 20. Nfe5 Be8 21. Qxc7+ Kxc7 22. f4 1-0

[Event "Omsk-ch op"]
[Site "Omsk"]
[Date "2009.02.12"]
[Round "1"]
[White "Adamson, Garry"]
[Black "Nevorotov, Boris"]
[Result "1-0"]
[WhiteElo "2115"]
[BlackElo "1996"]
[PlyCount "65"]
[EventDate "2009.02.12"]
[EventType "swiss"]
[EventRounds "11"]
[EventCountry "RUS"]
[SourceTitle "CBM 129 Extra"]
[Source "ChessBase"]
[SourceDate "2009.05.05"]
[SourceVersion "2"]
[SourceVersionDate "2009.05.20"]
[SourceQuality "1"]

1. d4 Nf6 2. c4 e6 3. g3 c5 4. d5 d6 5. Nc3 a6 6. a4 Be7 7. Bg2 0-0 8. Nf3 Nbd7 9. dxe6 fxe6 10. e4 Rb8 11. 0-0 Ng4 12. Bf4 e5 13. Bd2 Ngf6 14. Ng5 Nb6 15. a5 Nxc4 16. Qb3 d5 17. Nxd5 Nxd5 18. Qxc4 Bxg5 19. Bxg5 Qxg5 20. Qxd5+ Kh8 21. Qxc5 Bg4 22. f4 Qh5 23. Qxe5 Qxe5 24. fxe5 Rfe8 25. Rf4 Be6 26. Rc1 Bg8 27. Rc5 b6 28. axb6 Rxb6 29. Rf2 Rb5 30. Rfc2 Rxe5 31. Rc8 Re7 32. Ra8 g6 33. Rcc8 1-0

[Event "Omsk RT op"]
[Site "Omsk"]
[Date "2009.??.??"]
[Round "7"]
[White "Nevorotov, Boris"]
[Black "Karabut, Vladimir"]
[Result "1-0"]
[WhiteElo "1996"]
[BlackElo "2178"]
[PlyCount "63"]
[EventDate "2009.??.??"]
[EventType "swiss"]
[EventRounds "9"]
[EventCountry "RUS"]
[SourceTitle "EXT 2011"]
[Source "ChessBase"]
[SourceDate "2010.11.26"]
[SourceVersion "1"]
[SourceVersionDate "2010.11.26"]
[SourceQuality "1"]

1. e4 c6 2. d4 d5 3. f3 e6 4. Bd3 dxe4 5. fxe4 Qxd4 6. Nf3 Qb6 7. Nbd2 Qe3+ 8. Be2 Nf6 9. Rf1 Nbd7 10. e5 Nxe5 11. Nc4 Nxf3+ 12. Rxf3 Qe4 13. Bg5 Qd5 14. Rd3 Ne4 15. Rxd5 exd5 16. Bh4 Bb4+ 17. c3 Nxc3 18. bxc3 Bxc3+ 19. Nd2 Bxa1 20. Qxa1 0-0 21. Qb1 Re8 22. h3 b6 23. Kf2 c5 24. Bb5 Re6 25. Nf3 h6 26. Qd3 Bb7 27. Qf5 a6 28. Bd3 g6 29. Qf4 Kg7 30. Qc7 Bc6 31. Ne5 Be8 32. Nxg6 1-0

[Event "Omsk Half CC-ch"]
[Site "Omsk"]
[Date "2009.??.??"]
[Round "6"]
[White "Nevorotov, Boris"]
[Black "Pozdniakov, Vladimir"]
[Result "0-1"]
[WhiteElo "1996"]
[BlackElo "2235"]
[PlyCount "38"]
[EventDate "2009.??.??"]
[EventType "swiss"]
[EventRounds "9"]
[EventCountry "RUS"]
[SourceTitle "EXT 2011"]
[Source "ChessBase"]
[SourceDate "2010.11.26"]
[SourceVersion "1"]
[SourceVersionDate "2010.11.26"]
[SourceQuality "1"]

1. e4 d6 2. Bc4 Nf6 3. Nc3 c6 4. Qf3 e5 5. a4 Nbd7 6. Nge2 Be7 7. d3 Nf8 8. h3 Ng6 9. g3 Be6 10. Bxe6 fxe6 11. 0-0 0-0 12. Qg2 Nh5 13. Nd1 Bg5 14. Ne3 Qe7 15. Kh2 Rf7 16. Ng4 Raf8 17. Bxg5 Qxg5 18. Rad1 Nf6 19. Ne3 Nh5 0-1

[Event "Omsk Half CC-ch"]
[Site "Omsk"]
[Date "2009.??.??"]
[Round "3"]
[White "Nevorotov, Boris"]
[Black "Usatchev, Sergei"]
[Result "1/2-1/2"]
[WhiteElo "1996"]
[BlackElo "1855"]
[PlyCount "58"]
[EventDate "2009.??.??"]
[EventType "swiss"]
[EventRounds "9"]
[EventCountry "RUS"]
[SourceTitle "EXT 2011"]
[Source "ChessBase"]
[SourceDate "2010.11.26"]
[SourceVersion "1"]
[SourceVersionDate "2010.11.26"]
[SourceQuality "1"]

1. e4 c6 2. d4 d5 3. Bd3 dxe4 4. Bxe4 Nf6 5. Bf3 Bf5 6. c4 Bxb1 7. Rxb1 Qa5+ 8. Bd2 Qxa2 9. b3 Qa3 10. Ne2 Qd6 11. b4 Qd7 12. b5 e6 13. Bf4 Bd6 14. Bxd6 Qxd6 15. Qa4 0-0 16. 0-0 Rc8 17. Rfd1 Qe7 18. d5 cxd5 19. cxd5 Nxd5 20. Bxd5 exd5 21. Nf4 Nd7 22. Nxd5 Qc5 23. Qf4 Rd8 24. Rbc1 Qf8 25. Qc7 b6 26. Ra1 Rac8 27. Qxa7 Qc5 28. Qa4 h6 29. Qe4 Nf8 1/2-1/2

[Event "Omsk RT op"]
[Site "Omsk"]
[Date "2009.??.??"]
[Round "5"]
[White "Sosunov, Sergey"]
[Black "Nevorotov, Boris"]
[Result "0-1"]
[WhiteElo "1732"]
[BlackElo "1996"]
[PlyCount "70"]
[EventDate "2009.??.??"]
[EventType "swiss"]
[EventRounds "9"]
[EventCountry "RUS"]
[SourceTitle "EXT 2011"]
[Source "ChessBase"]
[SourceDate "2010.11.26"]
[SourceVersion "1"]
[SourceVersionDate "2010.11.26"]
[SourceQuality "1"]

1. d4 Nf6 2. c4 c5 3. e3 e6 4. g3 Qc7 5. Nd2 Nc6 6. Ngf3 cxd4 7. exd4 d5 8. a3 Be7 9. b4 dxc4 10. Nxc4 0-0 11. Qb3 a5 12. b5 a4 13. Qd3 Na5 14. Nxa5 Rxa5 15. Bd2 Ra8 16. Bg2 Bd7 17. 0-0 Rfd8 18. Rfc1 Qb6 19. Rab1 Be8 20. Be3 Nd5 21. Qe2 Bxa3 22. Rc2 Bb4 23. Bd2 Bxb5 24. Qe4 Bxd2 25. Nxd2 Qa6 26. Bf1 Bxf1 27. Nxf1 Rac8 28. Ne3 Rc6 29. Nxd5 Rxd5 30. Qf4 g6 31. Qb8+ Kg7 32. Rcb2 a3 33. Ra2 b5 34. Rba1 Rb6 35. Qf4 b4 0-1

[Event "Omsk op"]
[Site "Omsk"]
[Date "2008.07.19"]
[Round "11"]
[White "Pozdniakov, Vladimir"]
[Black "Nevorotov, Boris"]
[Result "1-0"]
[WhiteElo "2247"]
[BlackElo "2003"]
[PlyCount "75"]
[EventDate "2008.07.01"]
[EventType "swiss"]
[EventRounds "11"]
[EventCountry "RUS"]
[SourceTitle "EXT 2022"]
[Source "ChessBase"]
[SourceDate "2021.10.06"]
[SourceVersion "1"]
[SourceVersionDate "2021.10.06"]
[SourceQuality "1"]

1. d4 Nf6 2. c4 g6 3. Nc3 Bg7 4. e4 d6 5. Nf3 0-0 6. Be2 c6 7. 0-0 Nfd7 8. Be3 Qc7 9. Qd2 Re8 10. Rfd1 b6 11. Rac1 a5 12. Bh6 Bf6 13. Ng5 Ba6 14. f4 e5 15. fxe5 dxe5 16. d5 Bb7 17. Rf1 Qd6 18. Rcd1 cxd5 19. cxd5 Ba6 20. Rf3 Bxg5 21. Bxg5 f6 22. Be3 Bxe2 23. Qxe2 Na6 24. Nb5 Qb4 25. a3 Qxe4 26. Nd6 Qa4 27. Nxe8 Rxe8 28. h4 Nac5 29. Bxc5 bxc5 30. h5 f5 31. hxg6 hxg6 32. Rg3 Kf7 33. d6 Re6 34. b3 Qc6 35. Qc4 Nb6 36. Qh4 Kg7 37. Rh3 Re8 38. d7 1-0

[Event "Omsk op"]
[Site "Omsk"]
[Date "2008.07.12"]
[Round "7"]
[White "Savostjanov, Igor"]
[Black "Nevorotov, Boris"]
[Result "1-0"]
[WhiteElo "2067"]
[BlackElo "2003"]
[PlyCount "51"]
[EventDate "2008.07.01"]
[EventType "swiss"]
[EventRounds "11"]
[EventCountry "RUS"]
[SourceTitle "EXT 2022"]
[Source "ChessBase"]
[SourceDate "2021.10.06"]
[SourceVersion "1"]
[SourceVersionDate "2021.10.06"]
[SourceQuality "1"]

1. e4 c6 2. c4 d5 3. cxd5 cxd5 4. exd5 Nf6 5. Nc3 Nxd5 6. d4 e6 7. Nf3 Be7 8. Bd3 Nc6 9. a3 Bf6 10. Be3 0-0 11. h4 Kh8 12. Bxh7 Nxe3 13. fxe3 g6 14. Ng5 Kg7 15. Nce4 Be7 16. Qg4 e5 17. Qg3 Bf5 18. h5 exd4 19. hxg6 Bxg5 20. Nxg5 Qe7 21. gxf7 Rh8 22. Ne4+ Kxf7 23. Nd6+ Kf6 24. Nxf5 Rxh7 25. 0-0 Qe5 26. Nxd4+ 1-0

[Event "Omsk op"]
[Site "Omsk"]
[Date "2008.07.03"]
[Round "2"]
[White "Krivoshapko, Alexander"]
[Black "Nevorotov, Boris"]
[Result "0-1"]
[WhiteElo "2082"]
[BlackElo "2003"]
[PlyCount "62"]
[EventDate "2008.07.01"]
[EventType "swiss"]
[EventRounds "11"]
[EventCountry "RUS"]
[SourceTitle "EXT 2022"]
[Source "ChessBase"]
[SourceDate "2021.10.06"]
[SourceVersion "1"]
[SourceVersionDate "2021.10.06"]
[SourceQuality "1"]

1. b4 e5 2. b5 d5 3. Bb2 Bd6 4. Nf3 Qe7 5. e3 Nf6 6. Be2 Nbd7 7. d4 e4 8. Nfd2 0-0 9. c4 c6 10. Nc3 Bc7 11. a4 Rd8 12. Ba3 Qe6 13. Qb3 Nf8 14. bxc6 bxc6 15. cxd5 cxd5 16. Nb5 Ba5 17. Bb4 Bxb4 18. Qxb4 Ne8 19. Rc1 Qg6 20. Kf1 Bg4 21. Bxg4 Qxg4 22. h3 Qh5 23. g3 Ne6 24. Kg2 a6 25. Nc3 Rab8 26. Qa3 Nd6 27. Qa2 Nf5 28. Qc2 Qg5 29. Rhe1 h5 30. Kh2 Nfxd4 31. exd4 Nxd4 0-1